[Event "URS-JUG"]
[Site "Tbilisi"]
[Date "1973.??.??"]
[Round "4"]
[White "Konarkowska Sokolov, Henrijeta"]
[Black "Litinskaya, Marta I"]
[Result "1/2-1/2"]
[WhiteElo "2160"]
[BlackElo "2270"]

1.e4 c5 2.Nc3 Nc6 3.Nf3 g6 4.d4 cxd4 5.Nxd4 Bg7 6.Be3 Nf6 7.Be2 O-O 8.O-O d5
9.exd5 Nxd5 10.Nxd5 Qxd5 11.Bf3 Qc4 12.Nxc6 bxc6 13.c3 Rb8 14.Be2 Qe6 15.Qc2 a5
16.b3 Qf5 17.Bd3 Qh5 18.Be2 Qh4 19.Rac1 Rd8 20.Bc4 Bf5 21.Qe2 Be5 22.f4 Bd6
23.g3 Qh3 24.Bd4 h5 25.Rf2 h4 26.Qe3 c5 27.Be5 Be6 28.Bf1 Qf5 29.Bd3 Qh5
30.Be2 Qh6 31.Bxd6 exd6  1/2-1/2

[Event "HUN-ch"]
[Site "?"]
[Date "1974.??.??"]
[Round "?"]
[White "Rajna, George"]
[Black "Horvath, Tamas"]
[Result "0-1"]
[WhiteElo "2405"]
[BlackElo "2280"]

1.e4 c5 2.Nc3 Nc6 3.Nf3 Nf6 4.d4 cxd4 5.Nxd4 e5 6.Nb3 Bb4 7.Bg5 h6 8.Bxf6 Bxc3+
9.bxc3 Qxf6 10.Bc4 O-O 11.O-O d6 12.Bd5 Ne7 13.c4 Ng6 14.Re1 Qg5 15.Qf3 Rb8
16.Qg3 Ne7 17.c5 dxc5 18.Nxc5 b6 19.Nd3 Ng6 20.a4 a5 21.c4 Qf6 22.Reb1 Ba6
23.Ra3 Qd6 24.Rc3 Rfe8 25.h3 Nf8 26.c5 bxc5 27.Rxb8 Qxb8 28.Nxc5 Bc8 29.Rb3 Qc7
30.Qc3 Ne6 31.Nxe6 Qxc3 32.Rxc3 Bxe6 33.Rc5 Bxd5 34.exd5 Ra8 35.Kf1 Kf8 36.Ke2 Ra7
37.Kd3 Ke7 38.Kc4 Kd7 39.Kb5 Rb7+ 40.Kxa5 Rb2 41.Rb5 Rxf2 42.g4 Kd6 43.Kb6 Ra2
44.a5 e4 45.a6 e3 46.a7 e2 47.Rb1 Kxd5 48.Re1 Rb2+ 49.Kc7 Ra2 50.Kb8 Kd4
51.a8=Q Rxa8+ 52.Kxa8 Ke3  0-1

[Event "FRG-ch"]
[Site "Menden"]
[Date "1974.??.??"]
[Round "?"]
[White "Rosen, Willy"]
[Black "Hunold, Rolf"]
[Result "1/2-1/2"]
[WhiteElo "2200"]
[BlackElo "2200"]

1.e4 c5 2.Nc3 Nc6 3.Nf3 a6 4.d4 cxd4 5.Nxd4 e5 6.Nf5 d6 7.Bc4 Be6 8.Nd5 Rc8
9.O-O Nd4 10.Bb3 Nxb3 11.cxb3 g6 12.Ng3 Bg7 13.Be3 Ne7 14.Qd2 Bxd5 15.exd5 O-O
16.Rac1 Qd7 17.Ne4 Nf5 18.Rxc8 Qxc8 19.Rc1 Qd7 20.f3 Nxe3 21.Qxe3 f5 22.Nc3 Rc8
23.Na4  1/2-1/2

[Event "Nice olm prel"]
[Site "Nice"]
[Date "1974.??.??"]
[Round "1"]
[White "Korostenski, Frank"]
[Black "Johannsson, Ingi Randver"]
[Result "1-0"]
[WhiteElo "2200"]
[BlackElo "2200"]

1.e4 c5 2.Nc3 Nc6 3.Nf3 g6 4.d4 cxd4 5.Nxd4 Bg7 6.Be3 d6 7.h4 Nf6 8.Be2 h5
9.f3 Bd7 10.Qd2 Rc8 11.Nb3 Ne5 12.Bxa7 Nc4 13.Bxc4 Rxc4 14.Bd4 O-O 15.Qd3 Qc7
16.Bxf6 Bxf6 17.Nd5 Bxb2 18.Nxc7 Rxc7 19.Rd1 Be6 20.O-O Ra8 21.Rf2 Rxa2 22.c4 Bxc4
23.Qc2  1-0

[Event "Nice olm prel"]
[Site "Nice"]
[Date "1974.??.??"]
[Round "1"]
[White "Balinas, Rosendo Carrean"]
[Black "Puhm, Alar"]
[Result "1/2-1/2"]
[WhiteElo "2200"]
[BlackElo "2200"]

1.e4 c5 2.Ne2 Nc6 3.Nbc3 d6 4.d4 cxd4 5.Nxd4 Nf6 6.g3 g6 7.Bg2 Bd7 8.Nde2 Bg7
9.O-O Qc8 10.a4 O-O 11.a5 Bh3 12.f4 Bxg2 13.Kxg2 Qc7 14.Bd2 Nxa5 15.Nb5 Qc4
16.Rxa5 b6 17.Rxa7 Rxa7 18.Nxa7 Ra8 19.Nc3 Rxa7 20.Qf3 d5 21.exd5 Rd7 22.f5 gxf5
23.Qxf5 e6 24.Qe5 Nxd5 25.Qb8+ Bf8 26.Bh6 Qc5 27.Rd1 Nf6 28.Bxf8 Qxf8 29.Qxb6 Qa8+
30.Kg1 Rxd1+ 31.Nxd1 Qf3 32.Qd8+ Kg7 33.Qd3 Qb7 34.Qd4 Kg6 35.Nf2 h5 36.Nd3 Ne4
37.Nf4+ Kf5 38.Nd3 f6 39.Nc5 Nxc5 40.Qxc5+ e5 41.b4 Kg4 42.Qc4+ e4 43.Qe2+ Kg5
44.Qe3+ Kf5 45.Qc5+ Kg6 46.Qd4 f5 47.Qd6+ Kf7 48.Qd4 Kg6 49.Kf2 Qc6 50.c3 Qa6
51.h4 Qa2+ 52.Ke3 Qa1 53.Qd6+ Kf7 54.Qd7+ Kf6 55.Qd6+ Kf7 56.Qd5+ Kf6 57.Qd8+ Ke6
58.Qb6+ Kf7 59.Qc7+ Kf6 60.Qd8+ Ke6 61.Qc8+ Ke5 62.Qc5+ Kf6 63.Qd4+ Kg6 64.Qd2 Qg1+
65.Qf2 Qa1 66.Qd2 Qg1+ 67.Kf4 Qf1+ 68.Ke5 Qb5+ 69.Kd4 Qd7+ 70.Ke3 Qa7+ 71.Ke2 Qa6+
72.Kf2 Qa7+ 73.Kg2 Qf7 74.Qg5+ Kh7 75.b5 Qa2+ 76.Kh3 Qe6 77.Qxh5+ Kg7 78.Qg5+ Kf7
79.b6 e3 80.Qh5+ Kg7 81.Qg5+ Kf7 82.Qh5+ Kg7 83.Qf3 e2 84.b7 f4+ 85.g4 Qe3
86.Qxe3 fxe3 87.b8=Q e1=Q 88.Qe5+ Kg8 89.Qe8+ Kg7 90.Qe7+ Kg8 91.g5  1/2-1/2

[Event "Nice olm prel"]
[Site "Nice"]
[Date "1974.??.??"]
[Round "2"]
[White "Bouaziz, Slim"]
[Black "Csom, Istvan"]
[Result "0-1"]
[WhiteElo "2365"]
[BlackElo "2540"]

1.e4 c5 2.Nf3 Nc6 3.Nc3 d6 4.d4 cxd4 5.Nxd4 Nf6 6.Bc4 Qb6 7.Nb3 e6 8.O-O a6
9.Be3 Qc7 10.a4 h6 11.Be2 Be7 12.f4 O-O 13.Bf3 Rb8 14.Rf2 Na5 15.g4 Re8 16.g5 Nd7
17.Bg2 Bf8 18.Rf3 Nc4 19.Bc1 b5 20.axb5 axb5 21.Rh3 g6 22.Qe1 b4 23.Nd1 Bg7
24.Ra4 Qb6+ 25.Kh1 Nf8 26.Nd2 Qc6 27.b3 Nxd2 28.Qxd2 Qc5 29.Bb2 e5 30.Rd3 exf4
31.Rd5 Qc7 32.Bxg7 Kxg7 33.Qxf4 Qxc2 34.Rxd6 Qxb3 35.Ra7 Rb7 36.Rxb7 Bxb7
37.Qd2 Ne6 38.Rb6 Rd8 39.Qb2+ Qxb2 40.Nxb2 Ba8 41.Rxb4 Nxg5 42.h4 Ne6 43.Kh2 Rd2  0-1

[Event "Nice olm prel"]
[Site "Nice"]
[Date "1974.??.??"]
[Round "6"]
[White "Green, SL."]
[Black "Naranja, Renato"]
[Result "0-1"]
[WhiteElo "2200"]
[BlackElo "2395"]

1.e4 c5 2.Nc3 Nc6 3.Nf3 d6 4.Bb5 a6 5.Bxc6+ bxc6 6.h3 e5 7.d3 Be7 8.O-O h5
9.a3 g5 10.Nh2 Bf6 11.Qf3 Nh6 12.Re1 g4 13.hxg4 Nxg4 14.Nxg4 Bxg4 15.Qg3 Rg8
16.Kf1 Bh4 17.Qe3 Bg5 18.Qg3 Bxc1 19.Raxc1 Be2+ 20.Nxe2 Rxg3 21.Nxg3 Qg5
22.c3 Kd7 23.Rcd1 Rg8  0-1

[Event "Nice olm fin-A"]
[Site "Nice"]
[Date "1974.??.??"]
[Round "12"]
[White "Balinas, Rosendo Carrean"]
[Black "Ciocaltea, Victor"]
[Result "1/2-1/2"]
[WhiteElo "2200"]
[BlackElo "2470"]

1.e4 c5 2.Ne2 Nc6 3.Nbc3 Nf6 4.d4 cxd4 5.Nxd4 e5 6.Ndb5 d6 7.a4 Be6 8.Bg5 a6
9.Na3 Rc8 10.Bc4 Be7 11.O-O O-O 12.Bxf6 Bxf6 13.Nd5 Bg5 14.c3 Ne7 15.Qb3 Bxd5
16.Bxd5 Nxd5 17.Qxd5 Qc7 18.Rfd1 Rfd8 19.Nc2 g6  1/2-1/2

[Event "Rubinstein mem"]
[Site "Polanica Zdroj"]
[Date "1974.??.??"]
[Round "9"]
[White "Nicevski, Risto"]
[Black "Lechtynsky, Jiri"]
[Result "1-0"]
[WhiteElo "2430"]
[BlackElo "2390"]

1.e4 c5 2.Nc3 Nc6 3.Nf3 g6 4.d4 cxd4 5.Nxd4 Bg7 6.Be3 Nf6 7.Bc4 O-O 8.Bb3 d6
9.h3 Qa5 10.O-O Bd7 11.f4 Nxd4 12.Bxd4 Bc6 13.Qd3 e6 14.f5 gxf5 15.exf5 e5
16.Be3 d5 17.Bg5 Qc5+ 18.Rf2 Kh8 19.Re1 h6 20.Bh4 e4 21.Qg3 Rae8 22.Ne2 d4
23.Nf4 Kh7 24.Bxf6 Bxf6 25.Bxf7 Bg5 26.Bg6+ Kh8 27.h4 e3 28.Rfe2 Bxf4 29.Qxf4 Kg7
30.Bxe8 Bxe8 31.Rd1 Bb5 32.Rxd4 Bxe2 33.Rd7+ Rf7 34.f6+ Kg6 35.Qe4+ Qf5 36.Qxf5+ Kxf5
37.Rxf7 Bc4 38.Rc7 e2 39.Kf2  1-0

[Event "Rimavska Sobota"]
[Site "Rimavska Sobota"]
[Date "1974.??.??"]
[Round "2"]
[White "Tepper, M."]
[Black "Gesos, Pavlos"]
[Result "1/2-1/2"]
[WhiteElo "2200"]
[BlackElo "2390"]

1.e4 c5 2.Nf3 Nc6 3.Nc3 g6 4.d4 cxd4 5.Nxd4 Bg7 6.Be3 Nf6 7.Be2 O-O 8.O-O d6
9.Nf3 a6 10.a4 b6 11.Nd5 Nd7 12.Nd4 Bb7 13.Nxc6 Bxc6 14.Bd4 e5 15.Be3 Nc5
16.Nxb6  1/2-1/2

[Event "Sombor"]
[Site "Sombor"]
[Date "1974.??.??"]
[Round "1"]
[White "Gulko, Boris F"]
[Black "Deze, Anton"]
[Result "1/2-1/2"]
[WhiteElo "2435"]
[BlackElo "2375"]

1.e4 c5 2.Nc3 Nc6 3.Nge2 d6 4.d4 cxd4 5.Nxd4 Nf6 6.Bg5 e6 7.Qd2 a6 8.O-O-O Bd7
9.f4 Be7 10.Nf3 b5 11.Bxf6 gxf6 12.g3 Qb6 13.f5 Rc8 14.fxe6 fxe6 15.Ne2 Qa5
16.Qxa5 Nxa5 17.Bh3 Bf8 18.Nf4  1/2-1/2

[Event "Sombor"]
[Site "Sombor"]
[Date "1974.??.??"]
[Round "5"]
[White "Gulko, Boris F"]
[Black "Hartoch, Robert G"]
[Result "1-0"]
[WhiteElo "2435"]
[BlackElo "2370"]

1.e4 c5 2.Nc3 Nc6 3.Nf3 e5 4.Bc4 g6 5.d3 Bg7 6.Ng5 Nh6 7.f4 f6 8.O-O exf4
9.Nf3 Ne5 10.Bxf4 d6 11.Nxe5 dxe5 12.Be3 Qd6 13.Nd5 Ng4 14.Bd2 f5 15.Bb5+ Bd7
16.Bxd7+ Qxd7 17.h3 Nf6 18.Nxf6+ Bxf6 19.exf5 Ke7 20.Qf3 gxf5 21.Qxf5 Qxf5
22.Rxf5 Rhf8 23.Raf1 Bg7 24.Rxf8 Bxf8 25.Bg5+ Ke8 26.Bf6 Bd6 27.Bxe5  1-0

[Event "CSR-ch"]
[Site "Brno"]
[Date "1975.??.??"]
[Round "5"]
[White "Jansa, Vlastimil"]
[Black "Pribyl, Josef"]
[Result "0-1"]
[WhiteElo "2540"]
[BlackElo "2455"]

1.e4 c5 2.Nc3 Nc6 3.Nge2 Nd4 4.Nxd4 cxd4 5.Ne2 e5 6.c3 dxc3 7.Nxc3 Bc5 8.Bc4 Nf6
9.O-O a6 10.d3 b5 11.Bb3 d6 12.Bg5 h6 13.Bxf6 Qxf6 14.a4 bxa4 15.Nd5 Qd8
16.Bxa4+ Kf8 17.b4 Bd4 18.Rc1 g6 19.Kh1 Kg7 20.Rc4 Ra7 21.f4 f5 22.Qf3 Rf8
23.Rfc1 Be6 24.exf5 Rxf5 25.Qe4 Raf7 26.Rxd4 Bxd5 27.Rxd5 Rxf4 28.Qe1 Rf2
29.Bc6 Qg5 30.g4 Qf4  0-1

[Event "URS-ch otbor"]
[Site "Cheliabinsk"]
[Date "1975.??.??"]
[Round "?"]
[White "Sturua, Zurab"]
[Black "Kozlov, Vladimir N"]
[Result "1-0"]
[WhiteElo "2200"]
[BlackElo "2200"]

1.e4 c5 2.Nf3 Nc6 3.Nc3 d6 4.d4 cxd4 5.Nxd4 Nf6 6.Be2 e6 7.O-O Be7 8.Be3 O-O
9.f4 Qc7 10.Nb3 a6 11.a4 b6 12.Bf3 Rb8 13.Qe2 Na5 14.Nd2 Rd8 15.Kh1 Bb7 16.Nd1 d5
17.e5 Nd7 18.c3 Nc4 19.Nb3 a5 20.Nd4 Ba6 21.Re1 Qc8 22.Qc2 Nxe3 23.Nxe3 g6
24.Qf2 Nc5 25.Qg3 Nd3 26.f5 Nxe1 27.Rxe1 Bc5 28.f6 Bxd4 29.cxd4 Rd7 30.Qf4 Qf8
31.h4 Rc8 32.h5 Bd3 33.Rd1 Bc2 34.Rd2 Bf5 35.Nxf5 gxf5 36.Be2 Kh8 37.Rd3 Qb4
38.Rg3 Qxb2 39.Kh2 Qc1 40.Rg8+  1-0

[Event "SVK-ch"]
[Site "Hlohovec"]
[Date "1975.??.??"]
[Round "8"]
[White "Petrik, Karol"]
[Black "Kozma, Julius"]
[Result "1-0"]
[WhiteElo "2210"]
[BlackElo "2380"]

1.e4 c5 2.Nf3 Nc6 3.Nc3 g6 4.d4 cxd4 5.Nxd4 Bg7 6.Be3 Nf6 7.Bc4 d6 8.h3 O-O
9.Bb3 Bd7 10.O-O Nxd4 11.Bxd4 Bc6 12.Qd3 b5 13.Rfe1 e5 14.Be3 b4 15.Nd5 Nxd5
16.Bxd5 Rc8 17.Bxc6 Rxc6 18.Bxa7 Qc7 19.Be3 Rxc2 20.Rac1 Rxc1 21.Rxc1 Qb7
22.Rc4 b3 23.a3 Qb5 24.a4 Qb8 25.Qd5 Kh8 26.a5 Qa8 27.Qxa8 Rxa8 28.a6  1-0

[Event "Lone Pine"]
[Site "Lone Pine"]
[Date "1975.??.??"]
[Round "1"]
[White "Rohde, Michael A"]
[Black "Tarjan, James Edward"]
[Result "0-1"]
[WhiteElo "2200"]
[BlackElo "2480"]

1.e4 c5 2.Nc3 Nc6 3.Nf3 g6 4.d4 cxd4 5.Nxd4 Bg7 6.Be3 Nf6 7.Nxc6 bxc6 8.e5 Ng8
9.f4 Nh6 10.Bd3 d6 11.Qf3 O-O 12.O-O dxe5 13.Qxc6 Ng4 14.Bc5 Bd7 15.Qa6 exf4
16.Nd5 Qb8 17.h3 Qe5 18.Nxe7+ Kh8 19.b4 Ne3 20.Qb7 Be6 21.Rae1 Qg5 22.Rf2 Rae8
23.Kh1 Bf6 24.Nc6 Bd5 25.Bxe3 fxe3 26.Rfe2 Qg3 27.c4 Bxc6 28.Qxc6 Be5  0-1

[Event "Lone Pine"]
[Site "Lone Pine"]
[Date "1975.??.??"]
[Round "8"]
[White "Rohde, Michael A"]
[Black "Waterman, Deniss L"]
[Result "0-1"]
[WhiteElo "2200"]
[BlackElo "2200"]

1.e4 c5 2.Nc3 Nc6 3.Nf3 g6 4.d4 cxd4 5.Nxd4 Bg7 6.Be3 Nf6 7.Nxc6 bxc6 8.e5 Ng8
9.f4 Nh6 10.Be2 O-O 11.O-O f6 12.exf6 Bxf6 13.g4 d5 14.Bc5 Qa5 15.b4 Qd8
16.g5 Bxc3 17.gxh6 Bxa1 18.Qxa1 Rf7 19.Qe5 Bf5 20.c4 Qb8 21.Qe3 Qc8 22.cxd5 cxd5
23.Bf3 Be4 24.Bxe4 dxe4 25.Qxe4 Qg4+ 26.Qg2 Qxg2+ 27.Kxg2 a5 28.a3 axb4 29.axb4 e6
30.Bd6 Ra2+ 31.Kh3 Rd7 32.Bc5 Rd3+ 33.Kh4 Rxh2+ 34.Kg5 Kf7 35.Rg1 Rb3 36.Bd6 Rd2
37.Bc5 Rdd3 38.Rg2 Rg3+ 39.Rxg3 Rxg3+ 40.Kh4 Rd3 41.Kg4 Kf6 42.Bf8 Rd5 43.Bg7+ Kf7
44.Be5 Ke7 45.Bg7 Rb5 46.Bd4 Rh5 47.Bg7 Kf7 48.Be5 Rxh6 49.b5 Rh1 50.b6 Rb1
51.Bc7 Ke7 52.Kg5 Rb5+ 53.Kh6 Kf7 54.Be5 Kg8 55.Kg5 Rxb6 56.Kf6 h5 57.Kxg6 h4
58.Kg5 h3 59.f5 exf5  0-1

[Event "Lone Pine"]
[Site "Lone Pine"]
[Date "1975.??.??"]
[Round "9"]
[White "Barnes, Craig N"]
[Black "Rossetto, Hector"]
[Result "1-0"]
[WhiteElo "2200"]
[BlackElo "2430"]

1.e4 c5 2.Nc3 Nc6 3.Nge2 e5 4.Ng3 Nf6 5.Bc4 d6 6.d3 Bg4 7.f3 Be6 8.O-O Be7
9.f4 Qd7 10.f5 Bxc4 11.dxc4 O-O-O 12.Nd5 h6 13.c3 Rdg8 14.Be3 Kb8 15.Nxf6 gxf6
16.Bxc5 h5 17.Nxh5 Rxh5 18.Qxh5 dxc5 19.Qxf7 Qe8 20.Qxe8+ Rxe8 21.Rad1 Kc7
22.Rf3 Rg8 23.Kf2 Rg4 24.Re1 Kd7 25.Rh3 Ke8 26.g3 Rg8 27.Rh7 Nd8 28.h4 Nf7
29.Kf3 b6 30.Rd1 a5 31.b3 Bd8 32.a3 Be7 33.Rd2 Nd8 34.g4 Nc6 35.Rg2 Nd8 36.Rd2 Nf7
37.Rd1 Nd8 38.Rd5 Nf7 39.Rd3 Nd8 40.Rd1 Nf7 41.Rg1 Nd6 42.Rg3 a4 43.bxa4 Nxc4
44.Ke2 Nb2 45.g5 fxg5 46.hxg5 Nxa4 47.g6 c4 48.Rf3 Rf8 49.g7 Rg8 50.f6 Nxc3+
51.Rxc3 Bxf6 52.Rxc4  1-0

[Event "Lone Pine"]
[Site "Lone Pine"]
[Date "1975.??.??"]
[Round "10"]
[White "Biyiasas, Peter"]
[Black "Damjanovic, Mato"]
[Result "1-0"]
[WhiteElo "2430"]
[BlackElo "2455"]

1.e4 c5 2.Nf3 Nc6 3.Nc3 d6 4.g3 g6 5.Bg2 Bg7 6.O-O e6 7.d3 Nge7 8.Bg5 h6
9.Be3 Nd4 10.Qd2 e5 11.Ne1 Be6 12.f4 Qd7 13.Ne2 Rd8 14.c3 Nxe2+ 15.Qxe2 b6
16.Nf3 O-O 17.d4 cxd4 18.cxd4 exf4 19.Bxf4 g5 20.Be3 Ng6 21.Qd2 d5 22.e5 Rc8
23.h4 gxh4 24.Nxh4 Nxh4 25.gxh4 Qe7 26.Bxh6 Qxh4 27.Bg5 Qh7 28.Rf2 Rc7 29.Raf1 Rfc8
30.Qf4 Rc2 31.Rf3 Rxb2 32.Rg3 Rcc2 33.Bh3 Kf8 34.Bh4 Bxe5 35.Qxe5 Qxh4 36.Qd6+ Qe7
37.Rg8+ Kxg8 38.Qxe7  1-0

[Event "URS-JUG"]
[Site "Odessa"]
[Date "1975.??.??"]
[Round "5"]
[White "Suetin, Alexey S"]
[Black "Rajkovic, Dusan"]
[Result "1/2-1/2"]
[WhiteElo "2520"]
[BlackElo "2420"]

1.e4 c5 2.Ne2 Nc6 3.Nbc3 g6 4.d4 cxd4 5.Nxd4 Bg7 6.Be3 Nf6 7.Bc4 Qa5 8.O-O d6
9.h3 O-O 10.Nd5 Re8 11.Nxf6+ Bxf6 12.c3 Nxd4 13.Bxd4 Bxd4 14.Qxd4 Bd7 15.Rad1 Rac8
16.Bb3 Qc5 17.e5 Bb5 18.Qf4 e6 19.Rfe1 dxe5 20.Rxe5 Qc7 21.Rde1 Bc4 22.h4 Bxb3
23.axb3 Qd6 24.b4 Kg7 25.Qe3 b6 26.h5 Rcd8 27.Qf3 f6  1/2-1/2

[Event "Quito"]
[Site "Quito"]
[Date "1975.??.??"]
[Round "10"]
[White "Yepez, Trotzky"]
[Black "Verduga, Denis Homero"]
[Result "1/2-1/2"]
[WhiteElo "2215"]
[BlackElo "2250"]

1.e4 c5 2.Nf3 Nc6 3.Nc3 g6 4.d4 cxd4 5.Nxd4 Bg7 6.Be3 Nf6 7.Nxc6 bxc6 8.e5 Nd5
9.Nxd5 cxd5 10.Qxd5 Rb8 11.Bc4 O-O 12.O-O Qc7 13.Qc5 Qxe5 14.Qxa7 Rb7 15.Qa3 Qxb2
16.Qxb2 Bxb2 17.Rab1 Ba3 18.Rb3 Rc7 19.Bd3 Bc5 20.Bxc5 Rxc5 21.a4 Ra5 22.Bb5 d5
23.Rd1 Bf5 24.Rc3 Rd8 25.Rc5 Kg7 26.Rdxd5 Rxd5 27.Rxd5 Bxc2 28.Rd4 e5 29.Rb4 Kf6
30.Kf1 Ke6 31.Ke2 Kd6 32.Kd2 Bf5 33.Kc3 Be6 34.Rh4 h5 35.Kb4 Ra8 36.Re4 Bd5
37.Re2 f5 38.Rd2 Ke6 39.f3 g5 40.h3 e4 41.fxe4  1/2-1/2

[Event "URS-chT"]
[Site "Riga"]
[Date "1975.??.??"]
[Round "?"]
[White "Klovsky, Rafail"]
[Black "Lapienis, Donatas"]
[Result "1/2-1/2"]
[WhiteElo "2200"]
[BlackElo "2200"]

1.e4 c5 2.Nc3 Nc6 3.Nf3 e5 4.Bc4 d6 5.d3 Be7 6.O-O Nf6 7.Ng5 O-O 8.f4 h6
9.Nf3 exf4 10.Bxf4 Be6 11.Qd2 d5 12.exd5 Nxd5 13.Rae1 Bf6 14.Bg3 Nxc3 15.Bxe6 fxe6
16.bxc3 Qa5 17.Qe2 Bxc3 18.Qxe6+ Kh7 19.Qe4+ Kg8 20.Qe6+ Kh7 21.Qe4+ Kg8  1/2-1/2

[Event "Capablanca mem-B 13th"]
[Site "Cienfuegos"]
[Date "1976.05.29"]
[Round "13"]
[White "Ostos, Julio"]
[Black "Andres Mendez, Miguel"]
[Result "0-1"]
[WhiteElo "2255"]
[BlackElo "2355"]

1.e4 c5 2.Nf3 Nc6 3.Nc3 g6 4.d4 cxd4 5.Nxd4 Bg7 6.Be3 Nf6 7.Bc4 O-O 8.O-O d6
9.h3 Bd7 10.Re1 Rc8 11.Bb3 Na5 12.f4 e5 13.Ndb5 exf4 14.Bxf4 Bxb5 15.Nxb5 Qb6+
16.Nd4 Nc4 17.Bxc4 Rxc4 18.c3 Qxb2 19.Rb1 Qxc3 20.Nb5 Qa5 21.Nxd6 Rc6 22.Rxb7 Qa6
23.Re7 Qxa2 24.Qf3 Qa5 25.Rd1 Rc3 26.Qf2 Qb6 27.Qxb6 axb6 28.Be5 Nh5 29.Bxc3 Bxc3
30.Nb5 Bb4 31.Rb7 Nf4 32.Kh2 Bc5 33.Rdd7 Ne6 34.Nc3 Bd4 35.Na4 Be5+ 36.Kg1 Ra8
37.Ra7 Rc8 38.Kf2 b5 39.Nb6 Rc2+ 40.Ke1 Bd4 41.Nd5 Bxa7 42.Rxa7 Rxg2 43.Rb7 Rh2
44.Nf6+ Kg7 45.Ne8+ Kf8 46.Nd6 Ng5 47.Rxb5 Nxh3 48.Re5 Ra2 49.Re8+ Kg7 50.Re7 Ng5
51.e5 h5  0-1

[Event "Tungsram"]
[Site "Budapest"]
[Date "1976.??.??"]
[Round "?"]
[White "Vogt, Lothar"]
[Black "Mednis, Edmar John"]
[Result "1-0"]
[WhiteElo "2480"]
[BlackElo "2435"]

1.e4 c5 2.Nc3 Nc6 3.Nge2 d6 4.d4 cxd4 5.Nxd4 Nf6 6.Bg5 e6 7.Qd2 a6 8.O-O-O Bd7
9.f4 Be7 10.Nf3 b5 11.Bxf6 gxf6 12.f5 O-O 13.Kb1 Kh8 14.fxe6 fxe6 15.g3 Ne5
16.Nd4 b4 17.Nce2 Nc4 18.Qd3 Rc8 19.Nf4 Qa5 20.Bh3 Qe5 21.Bxe6 Bxe6 22.Nfxe6 Rg8
23.Rhf1 Rg4 24.Rf4 Rxf4 25.gxf4 Qh5 26.Qe2 Qxe2 27.Nxe2 f5 28.Ng3 fxe4 29.Nxe4 Ne3
30.Re1 Nxc2 31.Rc1 d5 32.N4g5 h6 33.Nf7+ Kg8 34.Ne5 Na3+ 35.bxa3 Rxc1+ 36.Kxc1 bxa3
37.Kc2 a5 38.Kd3 Bb4 39.Kd4  1-0

[Event "North Sea"]
[Site "Esbjerg"]
[Date "1976.??.??"]
[Round "3"]
[White "Kristiansen, Jens"]
[Black "Kunsztowicz, Uwe"]
[Result "1-0"]
[WhiteElo "2405"]
[BlackElo "2415"]

1.e4 c5 2.Nc3 Nc6 3.Nge2 Nf6 4.d4 cxd4 5.Nxd4 d6 6.Bc4 e6 7.Be3 Be7 8.Qe2 a6
9.O-O-O Qc7 10.Bb3 O-O 11.g4 Nxd4 12.Rxd4 b5 13.g5 Nd7 14.Qh5 Rd8 15.Rg1 g6
16.Qh6 Bf8 17.Qh4 Nc5 18.Rg3 Bb7 19.Rh3 h5 20.gxh6 Kh7 21.Rf3 Rd7 22.Qg5 Qd8
23.h4 a5 24.Rf6 a4 25.Bd5 exd5 26.exd5 Qe8 27.h5 Be7 28.Rg4 b4 29.Rxf7+  1-0

[Event "DDR-ch 25th"]
[Site "Groeditz"]
[Date "1976.??.??"]
[Round "1"]
[White "Walter, Guenter"]
[Black "Thormann, Wolfgang"]
[Result "1-0"]
[WhiteElo "2300"]
[BlackElo "2250"]

1.e4 c5 2.Nc3 Nc6 3.Nge2 g6 4.d4 cxd4 5.Nxd4 Bg7 6.Be3 Nf6 7.Bc4 O-O 8.Bb3 Ng4
9.Qxg4 Nxd4 10.Qd1 Nc6 11.Qd2 d6 12.O-O-O Qa5 13.Nd5 Qxd2+ 14.Rxd2 Rb8 15.h4 b5
16.h5 a5 17.hxg6 hxg6 18.Bg5 Rb7 19.c4 a4 20.Bd1 f6 21.cxb5 Rxb5 22.Bxa4 Rc5+
23.Kb1 e6 24.Be3 exd5 25.Bxc5 Ne5 26.Bxd6 Nc4 27.Rxd5 Rd8 28.Bb3 Ba6 29.Ra5  1-0

[Event "DDR-ch 25th"]
[Site "Groeditz"]
[Date "1976.??.??"]
[Round "15"]
[White "Espig, Lutz"]
[Black "Gruenberg, Hans Ulrich"]
[Result "1-0"]
[WhiteElo "2435"]
[BlackElo "2405"]

1.e4 c5 2.Nc3 Nc6 3.Nge2 e5 4.g3 g6 5.Bg2 Bg7 6.O-O Nge7 7.d3 d6 8.a3 O-O
9.Rb1 a5 10.a4 Rb8 11.f4 Nd4 12.Nxd4 cxd4 13.Nb5 Qb6 14.Qe1 Bd7 15.c4 Bxb5
16.axb5 Qc7 17.Ra1 b6 18.b4 axb4 19.Qxb4 f5 20.Ra6 Rbe8 21.Ba3 Nc8 22.fxe5 Rxe5
23.exf5 Bh6 24.f6 Be3+ 25.Kh1 Kh8 26.Ra8 Re6 27.Qa4 Rexf6 28.Rxf6 Rxf6 29.Qa6 Rf8
30.Bb2 Kg7 31.Qa1 Qc5 32.Bd5 Rf2 33.Rb8 Kh6 34.Ba3 Qc7 35.Rb7 Qd8 36.Qd1 Qf8
37.Bg2 Ra2 38.Bc1 Qf2 39.Bxe3+ dxe3 40.Qf1 Ra1 41.Qxa1 e2 42.Qg7+ Kg5 43.h4+ Kg4
44.Qd7+ Qf5 45.Qe8 Qf1+ 46.Kh2 e1=Q 47.Qxc8+ Qf5 48.Qxf5+ gxf5 49.Rg7+ Kh5
50.Rg5+ Kh6 51.Rxf5 Qd2 52.Rf6+  1-0

[Event "CSR-ch"]
[Site "Ostrava"]
[Date "1976.??.??"]
[Round "10"]
[White "Jansa, Vlastimil"]
[Black "Meduna, Eduard"]
[Result "1/2-1/2"]
[WhiteElo "2490"]
[BlackElo "2300"]

1.e4 c5 2.Nc3 Nc6 3.Nge2 g6 4.d4 cxd4 5.Nxd4 Bg7 6.Be3 Nf6 7.Bc4 O-O 8.Bb3 d6
9.h3 Nd7 10.O-O Nc5 11.f4 Bd7 12.f5 b5 13.Nxc6 Bxc6 14.Bd4 Be5 15.Bxe5 dxe5
16.Qg4 Nxb3 17.axb3 b4 18.Ne2 Bb5 19.Rf2 Bxe2 20.Qxe2 Qb6 21.Ra6 Qb7 22.Ra5 Qc7
23.Qb5 Rfd8 24.Qxe5 Rd6 25.Rd5 Rad8 26.Qf4 f6 27.Rfd2 g5 28.Qe3 Rxd5 29.exd5 Rd6
30.Qd3 Qc5+ 31.Qd4 Rxd5 32.Qxc5 Rxc5 33.g4 h5 34.Kf2 hxg4 35.hxg4 a5 36.Kf3 Kf7
37.Ke4 Rc7 38.Re2 Rd7 39.c4 e5 40.fxe6+ Kxe6 41.Kf3+ Kf7 42.c5 Rd1 43.Rc2 Ke7
44.Ke4 Kd7 45.Rf2 Ke6 46.Re2 Ke7  1/2-1/2

[Event "SWE-ch"]
[Site "SWE"]
[Date "1976.??.??"]
[Round "?"]
[White "Fredriksson, Leif"]
[Black "Niklasson, Christer"]
[Result "1-0"]
[WhiteElo "2300"]
[BlackElo "2380"]

1.e4 c5 2.Nf3 Nc6 3.Nc3 Nf6 4.d4 cxd4 5.Nxd4 Qc7 6.Be2 e6 7.O-O a6 8.Be3 d6
9.a4 Be7 10.f4 O-O 11.Nb3 b6 12.Qe1 Nb4 13.Qf2 Nd7 14.Bf3 Bb7 15.Rad1 Rac8
16.Rd2 Rfd8 17.Rfd1 Bf8 18.Nd4 Nc6 19.Nde2 Nc5 20.Kh1 Nb4 21.f5 e5 22.f6 g6
23.Qh4 Kh8 24.Ng1 d5 25.exd5 e4 26.Bg4 Ra8 27.Nh3 Re8 28.Ng5 h6 29.d6  1-0

[Event "SVK-ch"]
[Site "Detva"]
[Date "1977.??.??"]
[Round "3"]
[White "Harasta, Vladimir"]
[Black "Jablonicky, Frantisek"]
[Result "0-1"]
[WhiteElo "2180"]
[BlackElo "2180"]

1.e4 c5 2.Nc3 Nc6 3.Nf3 e5 4.Bc4 Be7 5.d3 Nf6 6.Ng5 O-O 7.f4 d6 8.O-O Na5
9.Nf3 exf4 10.Bxf4 Nxc4 11.dxc4 Re8 12.h3 Qb6 13.Qd3 Be6 14.b3 Rad8 15.Kh1 Qa5
16.Rae1 a6 17.a4 Qc7 18.Rf2 Qc6 19.Rfe2 b6 20.Bh2 Bf8 21.Nd5 Nd7 22.Nc3 Ne5
23.Qe3 f6 24.Nd5 Rb8 25.Nc3 Rb7 26.Nxe5 dxe5 27.Rd1 Ree7 28.Rd8 Red7 29.Rd2 Kf7
30.R8xd7+ Rxd7 31.Rxd7+ Qxd7 32.Qd3 Ke8 33.Qxd7+ Kxd7 34.Kg1 Be7 35.Kf2 Kd6
36.Ke2 Bd7 37.Nd5  0-1

[Event "Lublin"]
[Site "Lublin"]
[Date "1977.??.??"]
[Round "5"]
[White "Lipski, Tadeusz"]
[Black "Antunac, Goran"]
[Result "0-1"]
[WhiteElo "2325"]
[BlackElo "2450"]

1.e4 c5 2.Nc3 Nc6 3.Nge2 e6 4.g3 d6 5.Bg2 a6 6.d4 cxd4 7.Nxd4 Bd7 8.Be3 Nf6
9.Qe2 Be7 10.Nb3 Rc8 11.Rd1 Qc7 12.O-O Ne5 13.f4 Nc4 14.Bc1 e5 15.h3 b5 16.Nd5 Nxd5
17.exd5 O-O 18.f5 f6 19.Be4 b4 20.Rf2 Bd8 21.Kh2 Qa7 22.g4 Bb5 23.Qe1 Bb6
24.Rf3 a5 25.h4 a4 26.Qxb4 axb3 27.axb3 Qa5 28.c3 Qxb4 29.cxb4 Nxb2 30.Bxb2 Be2
31.Rd2 Bxf3 32.Bxf3 Ra8 33.Be4 Rfc8 34.Bd3 Be3 35.Re2 Bc1 36.Bxc1 Rxc1 37.b5 Rc7
38.g5 fxg5 39.hxg5 Kf7 40.Bc4 Rca7 41.Kg3 Ra1 42.Bd3 Rg1+ 43.Kf3 Rxg5 44.Rc2 h5
45.Rc7+ Kf6 46.b6 h4 47.b7 Rb8 48.Bf1 Rg3+ 49.Kf2 Rxb3 50.Ba6 Rb6 51.Rc6 Rxa6
52.Rxa6 Rxb7 53.Rxd6+ Kxf5 54.Rd8 Rb2+ 55.Ke3 Rb3+ 56.Ke2 g5 57.d6 Rb7 58.d7 Kg4
59.Ke3 h3 60.Ke4 Kg3 61.Rg8 Rxd7 62.Rxg5+ Kh4 63.Rg8 h2 64.Rh8+ Kg3 65.Rg8+ Kf2
66.Rf8+ Ke1 67.Rh8 Rd2 68.Kxe5 Kf1  0-1

[Event "Lublin"]
[Site "Lublin"]
[Date "1977.??.??"]
[Round "10"]
[White "Lipski, Tadeusz"]
[Black "Martinovic, Slobodan"]
[Result "0-1"]
[WhiteElo "2325"]
[BlackElo "2415"]

1.e4 c5 2.Nc3 Nc6 3.Nge2 d6 4.d4 cxd4 5.Nxd4 Nf6 6.Bc4 Qb6 7.Nb3 e6 8.Be3 Qc7
9.Be2 a6 10.f4 b5 11.a3 Be7 12.O-O O-O 13.g4 Re8 14.g5 Nd7 15.Qe1 Bf8 16.Qh4 g6
17.Rf3 Bg7 18.Raf1 Nf8 19.Rd1 b4 20.axb4 Nxb4 21.f5 exf5 22.exf5 Rxe3 23.Rxe3 Qa7
24.Qf2 Bxf5 25.Bf3 Rc8 26.Re2 Qxf2+ 27.Rxf2 Ne6 28.Rdd2 Nxg5 29.Bg2 Be5 30.Nd4 Bg4
31.Ne4 Nxe4 32.Bxe4 f5 33.Bg2 Bxd4 34.Rxd4 Nxc2 35.Rxd6 Ne3 36.h3 Rc1+ 37.Kh2 Bh5
38.Rxa6 Kg7 39.Rd2 f4 40.Ra7+ Kh6 41.h4 Ng4+ 42.Kh3 Re1 43.Bf3 Ne5 44.Bxh5 Re3+
45.Kg2 Kxh5 46.Rxh7+ Kg4 47.Kf1 Nd3 48.Re2 Rh3 49.Rg2+ Kf3 50.Rxg6 Rh1+ 51.Rg1 Rh2
52.Rg8 Rxb2 53.Kg1 Nf2 54.Kh2 Ng4+  0-1